000 00297nam a22001217a 4500
999 _c154002
_d154002
082 _a
_b
100 _aIndu Shekhar
245 _aSanskrit drama:
_bits orgin and decline/
_cby Indu Shekhar.
260 _aNew Delhi:
_bMunshiram Manoharlal,
_c1977.
300 _a214p.
650 _a
942 _cBK